000 00350nam a2200157Ia 4500
005 20250423101357.0
008 250422s9999 xx 000 0 und d
020 _a671- 78481- 1
050 _aPR6005.H66P28
100 _aAgatha Christie
245 4 _aThe pale horse
260 _bPocket book
260 _c1961
300 _a210 p
942 _cBK
999 _c36131
_d36131